|
|
|
|
| LEADER |
00701nam a2200157Ia 4500 |
| 001 |
183583 |
| 008 |
170722s9999 xx 000 0 und d |
| 100 |
|
|
|a Jose, Kattoor
|
| 245 |
|
|
|a Gopuram paniyunnavar /
|
| 260 |
|
|
|a Ambalappuzha :
|b B-Books ,
|c 2013.
|
| 300 |
|
|
|a 178 p.
|
| 923 |
|
|
|d 20140109
|n 43735
|
| 942 |
|
|
|c GEN
|
| 999 |
|
|
|c 152615
|d 152615
|
| 952 |
|
|
|0 0
|1 0
|4 0
|6 O_323NJ081G_N8KRN81
|7 0
|8 KR
|9 214873
|a LIB
|b LIB
|d 2014-03-15
|e Kerala Book Marketing Society
|o O32,3NJ081,G N8(KR)-N8;1
|p 295544
|r 2017-08-12
|v 120.00
|w 2017-08-12
|y GEN
|
| 952 |
|
|
|0 0
|1 0
|4 0
|6 O_323NJ081G_N8KRN81
|7 0
|9 214874
|a LIB
|b LIB
|d 2014-03-15
|e Kerala Book Marketing Society
|l 1
|o O32,3NJ081,G N8(KR)-N8;1
|p 295545
|r 2019-01-07
|s 2018-11-10
|v 120.00
|w 2017-08-12
|y GEN
|